000 00996nam a2200241 u 4500
001 000597898
003 AM-YeHGA
005 20250617141828.0
008 080905s2006 ||| r 000 0 rus d
020 _a5020357723
040 _aAM-YeHGA
041 0 _arus
100 1 _aМаслов, Виктор Павлович
245 1 0 _aКвантовая экономика /
_cВ. П. Маслов ; Российская акад. наук.
250 _aИзд. 2-е, доп.
260 _aМосква :
_bНаука,
_c2006.
300 _a92 c. :
_bил.
500 _aВ книге дается математическое обоснование и уточнение эмпирических статистических закономерностей в экономике
504 _aБиблиогр.: с. 68-70
650 1 4 _aЭкономика
_xЭкономическая кибернетика
710 2 _aРоссийская академия наук
090 _c247691
999 _c246102
_d246102